banner koha

Avaliação da qualidade de mudas de Eucalyptus grandis utilizando parâmetros morfológicos (Registro n. 234189)

MARC details
000 -LÍDER
campo de controle de tamanho fixo 00860nas a2200301 4500
001 - NÚMERO DE CONTROLE
campo de controle BR2013010702
003 - IDENTIFICADOR DO NÚMERO DE CONTROLE
campo de controle BR-BrBNA
005 - DATA E HORÁRIO DA ÚLTIMA TRANSAÇÃO
campo de controle 20231205123507.0
007 - CAMPO FIXO DE DESCRIÇÃO FÍSICA--INFORMAÇÃO GERAL
campo de controle de tamanho fixo ta
008 - CAMPO DE DADOS FIXOS--INFORMAÇÃO GERAL
campo de controle de tamanho fixo 230509b bl.|||p| |||| 00| 00por d
040 ## - FONTE DA CATALOGAÇÃO
Instituição da catalogação original BR-BrBNA
Idioma da catalogação por
Instituição que transcreveu o registro Biblioteca Nacional de Agricultura
041 ## - CÓDIGO DE IDIOMA
Código do idioma do texto/trilha sonora ou título diferente (Pt)
072 ## - CÓDIGO DE CATEGORIA DE ASSUNTO
Código de Categoria de Assunto K10
100 1# - ENTRADA PRINCIPAL--NOME PESSOAL
Nome pessoal Eloy, E.
100 1# - ENTRADA PRINCIPAL--NOME PESSOAL
Nome pessoal Caron, B.O.
100 1# - ENTRADA PRINCIPAL--NOME PESSOAL
Nome pessoal Schmidt, D.
100 1# - ENTRADA PRINCIPAL--NOME PESSOAL
Nome pessoal Behling, A.
100 1# - ENTRADA PRINCIPAL--NOME PESSOAL
Nome pessoal Schwers, L.
100 1# - ENTRADA PRINCIPAL--NOME PESSOAL
Nome pessoal Elli, E.F.
245 1# - TÍTULO
Título Avaliação da qualidade de mudas de Eucalyptus grandis utilizando parâmetros morfológicos
650 ## - ASSUNTO--TERMO TÓPICO
Cabeçalho tópico ou nome geográfico EUCALIPTO
650 ## - ASSUNTO--TERMO TÓPICO
Cabeçalho tópico ou nome geográfico MUDA
650 ## - ASSUNTO--TERMO TÓPICO
Cabeçalho tópico ou nome geográfico TUBETE
650 ## - ASSUNTO--TERMO TÓPICO
Cabeçalho tópico ou nome geográfico MORFOLOGIA VEGETAL
773 0# - ENTRADA ANALÍTICA
Título Floresta (Brazil)
ISSN - International Standard Serial Number ISSN 0015-3826
Partes relacionadas (Jul-Sep 2013), v. 43(3) p. 373-384
Número de controle do registro BR2013010702
909 ## -
-- 202311
-- Lúcia
-- 55
-- Lúcia Elande
942 ## - ELEMENTOS DE ENTRADA ADICIONADOS (KOHA)
Fonte da classificação ou esquema de arquivamento na estante Classificação AGRIS
Ocultar no OPAC Não
Tipo de material Koha Analítica
Exemplares
Situação do descarte Fonte da classificação ou esquema de arquivamento na estante Situação física Não pode ser emprestado Biblioteca de origem Biblioteca atual Localização na estante Enumeração do periódico / cronologia Total de empréstimos Data de último acesso Número do exemplar Tipo de material Koha Fonte de aquisição
  Classificação AGRIS   Consulta local Biblioteca Nacional de Agricultura - Binagri Biblioteca Nacional de Agricultura - Binagri   (Jul-Sep 2013), v. 43(3) p. 373-384   29/11/2023 01 Periódicos Portaria Interministerial nº 164/94

BINAGRI

Telefone: (61)3218-2567/2388/3357/2097 - binagri@agro.gov.br

Ministério da Agricultura e Pecuária , Esplanada dos Ministérios, Bloco D, Anexo B, Brasília/DF, CEP: 70.043-900